Múzeum a komunitné mestské centrum

Guardado en:
Detalles Bibliográficos
Autor principal: Štefanech, Matej (Autor)
Otros Autores: Hanuliak, Peter (Orientador)
Formato: Manuscrito Libro
Lenguaje:eslovaco
Publicado: 2025
Materias:
Acceso en línea:http://is.stuba.sk/zp/portal_zp.pl?podrobnosti=182562
CRZP
Etiquetas: Agregar Etiqueta
Sin Etiquetas, Sea el primero en etiquetar este registro!

MARC

LEADER 00000ntm a22000003a 4500
001 stuzp105990
003 SK-STU
005 20250729143935.0
007 ta
008 150427s2015----xo-----f-mn---000-0-slo-d
040 |a STU  |b slo 
041 0 |a slo 
100 1 |a Štefanech, Matej  |u 010180  |4 aut  |U SvF Stavebná fakulta  |T SvF Katedra konštrukcií pozemných stavieb  |X 104355  |U V180  |Y 18  |7 104355 
242 0 1 |a Museum and community city centre  |y eng 
245 1 0 |a Múzeum a komunitné mestské centrum 
260 |c 2025 
650 4 |a Public building  |2 eng 
650 4 |a Architectural design  |2 eng 
650 4 |a Urban community centre  |2 eng 
650 4 |a Project documentation  |2 eng 
650 4 |a Museum  |2 eng 
650 4 |a Master’s thesis  |2 eng 
650 4 |a Projektová dokumentácia  |2 slo 
650 4 |a Architektonický návrh  |2 slo 
650 4 |a Komunitné mestské centrum  |2 slo 
650 4 |a Múzeum  |2 slo 
650 4 |a Diplomová práca  |2 slo 
650 4 |a Verejná budova  |2 slo 
700 1 |a Hanuliak, Peter  |u 010180  |k Z1  |4 ths  |U SvF Stavebná fakulta  |T SvF Katedra konštrukcií pozemných stavieb  |X 11280  |U V180  |Y 18  |7 A000011280 
856 4 |u http://is.stuba.sk/zp/portal_zp.pl?podrobnosti=182562 
856 4 |u https://opac.crzp.sk/?fn=detailBiblioForm&sid=226A7A544DA3649F675338E9F6D0  |z CRZP